000 00521nam a2200181Ia 4500
003 GCL
008 140319s9999 xx 000 0 ara d
040 _aGCL /
_cGCL
082 0 4 _a212
_bا س
100 1 _aاحمد محمد الحوفى
245 1 0 _aسماحة الاسلام /
_cاحمد محمد الحوفى
300 _a263
490 _a100 قصة
_v0
650 0 4 _aالاخلاق الاسلامية
650 0 4 _aالشريعة الاسلامية
650 0 4 _aالفقه الاسلامى
942 _2ddc
_cBK
999 _c44235
_d44235